000 00930 a2200217 4500
005 20260325113533.0
008 260325b |||||||| |||| 00| 0 eng d
020 _a9789382821083 (hbk)
037 _cTB
040 _aCRL
_cCRL
041 _2hin
_ahin
084 _aO152,6x Q9
_qCRL
245 _aसृजनात्मकता के आयाम:
_bउदय प्रकाश पर एकाग्र
260 _aदिल्ली, भारत:
_bनयी किताब प्रकाशन,
_c2013.
300 _a160पृ.
650 _aहिन्दी निबंध
650 _aहिन्दी साहित्य
700 _aजोशी, ज्योतिष
_eसम्पादक
942 _cTB
_2CC
_hO152,6x Q9
999 _c1466859
_d1466859